| 000 | 00778nam a2200253 i 4500 | ||
|---|---|---|---|
| 001 | 185734 | ||
| 003 | SpMaBN | ||
| 005 | 20240502063052.0 | ||
| 008 | 160804s1992 sp |||| | spa d | ||
| 020 | _a84-7426-195-3 | ||
| 080 | _a82-1.09 | ||
| 100 | 1 |
_aEliot, T. S., _d1888-1965 _946996 |
|
| 245 | 1 | 0 |
_aSobre poesía y poetas / _cT.S. Eliot ; traducción, Marcelo Cohen. |
| 250 | _a1ª ed. | ||
| 260 |
_aBarcelona : _bIcaria, _c1992. |
||
| 300 |
_a298 p. ; _c23 cm. |
||
| 490 | 1 |
_aBagdad ; _v8 |
|
| 504 | _aBibliografía: p. 295-297. | ||
| 650 | 0 | 7 |
_aPoesía- _xHistoria y crítica. _9183561 |
| 700 | 1 |
_aCohen, Marcelo. _939506 |
|
| 830 | 0 |
_aBagdad ; _v8 _9225269 |
|
| 852 |
_aES-MaACL _jL-30516 _z. - Donat. Miguel A. Velasco |
||
| 999 |
_c185734 _d185734 |
||